| 000 | 00500nam a2200157 i 4500 | ||
|---|---|---|---|
| 001 | 31034 | ||
| 003 | ES-MaACL | ||
| 005 | 20230906154310.0 | ||
| 007 | t| | ||
| 008 | 030128s1905 fr ||||1| fre d | ||
| 100 | 1 |
_aBellom, Maurice. _927265 |
|
| 245 | 1 | 2 |
_aL'assurance contre l'invalidité par les societés de secours mutuels ou les retraites ouvrieres par la liberté / _cMaurice Bellom. |
| 260 |
_aBordeaux : _bL'Avenir de la Mutualité, _c1905. |
||
| 300 | _a68 p. | ||
| 852 |
_aES-MaACL _jB-13483 |
||
| 999 |
_c31034 _d31034 |
||